WWE NXT Women's Championship Matches Quiz Stats

Quiz not verified by Sporcle

Challenge
Share
Tweet
Embed
Score 0/12 Timer 10:00
0 Plays Today
Hint Answer % Correct
July 24, 2013Paige vs Emma
100%
August 22, 2015Sasha Banks vs Bayley
99.4%
October 7, 2015Bayley vs Sasha Banks
99.4%
April 1, 2016Bayley vs Asuka
99.4%
August 20, 2016Asuka vs Bayley
99.4%
December 4, 2013Paige vs Natalya
98.8%
February 11, 2015Charlotte vs Sasha Banks vs Becky Lynch vs Bayley
98.8%
August 14, 2013Paige vs Summer Rae
98.2%
December 16, 2015Bayley vs Nia Jax
98.2%
June 8, 2016Asuka vs Nia Jax
97.1%
May 29, 2014Charlotte vs Natalya
96.5%
November 19, 2016Asuka vs Mickie James
96.5%

You're not logged in!

Compare scores with friends on all Sporcle quizzes.
Join for Free
OR
Log In

You Might Also Like...

Show Comments

Extras

Top Quizzes Today


Score Distribution

Your Account Isn't Verified!

In order to create a playlist on Sporcle, you need to verify the email address you used during registration. Go to your Sporcle Settings to finish the process.

Report this User

Report this user for behavior that violates our Community Guidelines.

Details: